Heritage Protection (Record no. 74018)
[ view plain ]
| 000 -LEADER | |
|---|---|
| fixed length control field | 01689cab a2200253 4500 |
| 001 - CONTROL NUMBER | |
| control field | ABS67336 |
| 008 - FIXED-LENGTH DATA ELEMENTS--GENERAL INFORMATION | |
| fixed length control field | 040106n2003 000 0 eng u |
| 035 ## - SYSTEM CONTROL NUMBER | |
| System control number | (Sirsi) u124717 |
| 100 ## - MAIN ENTRY--PERSONAL NAME | |
| Personal name | Lackey, P. |
| 245 ## - TITLE STATEMENT | |
| Title | Heritage Protection |
| 260 ## - PUBLICATION, DISTRIBUTION, ETC. | |
| Date of publication, distribution, etc. | 2003 |
| 490 ## - SERIES STATEMENT | |
| Series statement | Premises and Facilities Management |
| Volume/sequential designation | December 2003, 31-32(2) |
| 520 ## - SUMMARY, ETC. | |
| Summary, etc. | Describes how historic and listed buildings can be best protected from the effects of fire. Explains that heritage buildings are often particularly vulnerable to fire because of the fragility of the structure and the fact that they are often open to the public. There are many considerations associated with fire management planning for these buildings but the most important include the use of legislation as a project management tool and the elimination of false and unwanted alarms without dilution of system performance. Advises that an important first step is the identification and understanding of the fire hazards and either eliminating them or managing the risk; all employers have a responsibility to carry out a risk assessment under the Fire Precautions (Workplace) Regulations 1997. Mentions two pieces of legislation to be aware of when considering a system, the BS 5839-1: 2002 and a newly introduced scheme to promote third party accreditation of the main aspects of installation. |
| 590 ## - LOCAL NOTE (RLIN) | |
| Local note | ABS |
| 650 ## - SUBJECT ADDED ENTRY--TOPICAL TERM | |
| Topical term or geographic name entry element | HERITAGE PROTECTION |
| 650 ## - SUBJECT ADDED ENTRY--TOPICAL TERM | |
| Topical term or geographic name entry element | HISTORIC BUILDINGS |
| 650 ## - SUBJECT ADDED ENTRY--TOPICAL TERM | |
| Topical term or geographic name entry element | BS 5839-1: 2002 |
| 650 ## - SUBJECT ADDED ENTRY--TOPICAL TERM | |
| Topical term or geographic name entry element | MANAGEMENT-PROJECT MANAGEMENT |
| 650 ## - SUBJECT ADDED ENTRY--TOPICAL TERM | |
| Topical term or geographic name entry element | FIRE PREVENTION |
| 650 ## - SUBJECT ADDED ENTRY--TOPICAL TERM | |
| Topical term or geographic name entry element | FIRE PRECAUTION (WORKPLACE) REGULATIONS 1997 |
| 650 ## - SUBJECT ADDED ENTRY--TOPICAL TERM | |
| Topical term or geographic name entry element | FIRE ALARM SYSTEMS |
| 690 ## - LOCAL SUBJECT ADDED ENTRY--TOPICAL TERM (OCLC, RLIN) | |
| Topical term or geographic name as entry element | HEALTH AND SAFETY |
| 9 (RLIN) | 6244 |
| 942 ## - ADDED ENTRY ELEMENTS (KOHA) | |
| Suppress in OPAC | 0 |
| Withdrawn status | Lost status | Source of classification or shelving scheme | Damaged status | Not for loan | Home library | Current library | Shelving location | Date acquired | Total Checkouts | Full call number | Barcode | Date last seen | Copy number | Price effective from | Koha item type |
|---|---|---|---|---|---|---|---|---|---|---|---|---|---|---|---|
| Dewey Decimal Classification | London | London | Journal article | 06/01/2004 | ABS67336 | 124717-1001 | 06/08/2019 | 1 | 06/08/2019 | Journal article |